| 000 | 00507nam a22001937a 4500 | ||
|---|---|---|---|
| 003 | MPLRDC | ||
| 005 | 20220104190026.0 | ||
| 008 | 210129b ||||| |||| 00| 0 eng d | ||
| 020 | _a978-986-6157-03-5 | ||
| 082 | _a855 JBD-3 | ||
| 100 | _a九把刀 | ||
| 245 |
_a人生最厉害就是这个BUT! _c |
||
| 250 | _a初版一刷 | ||
| 260 |
_a台湾 _b盖亚文化有限公司 _c2010 |
||
| 300 | _b平 | ||
| 490 | _a九把刀。非小说 | ||
| 650 | _a散文;随笔、日记 | ||
| 942 |
_cBK _o855 JBD-3 |
||
| 999 |
_c63592 _d63582 |
||